ՀՀ Գիտությունների ազգային ակադեմիայի հիմնարար գիտական գրադարան  =   Fundamental Scientific Library of NAS RA

Զինվորական հանցագործությունները՝ որպես ռազմական անվտանգության դեմ ուղղված հանցագործություններ : (Record no. 280284)

MARC details
000 -LEADER
fixed length control field 01564nam a2200265 a 4500
001 - CONTROL NUMBER
control field 000759052
003 - CONTROL NUMBER IDENTIFIER
control field AM-YeHGA
005 - DATE AND TIME OF LATEST TRANSACTION
control field 20260402142914.0
008 - FIXED-LENGTH DATA ELEMENTS--GENERAL INFORMATION
fixed length control field 100914s2010 ai r 000|0 arm d
020 ## - INTERNATIONAL STANDARD BOOK NUMBER
Canceled/invalid ISBN 978-5-8080-0841-0
040 ## - CATALOGING SOURCE
Original cataloging agency AM-YeHGA
041 0# - LANGUAGE CODE
Language code of text/sound track or separate title arm
100 1# - MAIN ENTRY--PERSONAL NAME
Personal name Սեդրակյան, Արտյոմ Սեդրակի
245 10 - TITLE STATEMENT
Title Զինվորական հանցագործությունները՝ որպես ռազմական անվտանգության դեմ ուղղված հանցագործություններ :
Remainder of title Քրեաիրավական և քրեաբանական հետազոտություն /
Statement of responsibility, etc. Ա.Ս. Սեդրակյան ; ՀՀ ԳԱԱ Միջազգային գիտակրթական կենտրոն.
246 15 - VARYING FORM OF TITLE
Title proper/short title Воинские преступления как преступления против военной безопасности :
Remainder of title уголовно-правовое исследование
246 15 - VARYING FORM OF TITLE
Title proper/short title Military crimes as crimes against military security :
Remainder of title A criminal law and criminological analysis
260 ## - PUBLICATION, DISTRIBUTION, ETC.
Place of publication, distribution, etc. Երևան :
Name of publisher, distributor, etc. Գիտություն,
Date of publication, distribution, etc. 2010.
300 ## - PHYSICAL DESCRIPTION
Extent 200 էջ ;
Dimensions 21 սմ.
504 ## - BIBLIOGRAPHY, ETC. NOTE
Bibliography, etc. note Մատենագիտ.՝ տողատակի ծանոթագր.
504 ## - BIBLIOGRAPHY, ETC. NOTE
Bibliography, etc. note Գրականության ցանկ՝ էջ 187-199
650 14 - SUBJECT ADDED ENTRY--TOPICAL TERM
Topical term or geographic name entry element Ռազմական անվտանգություն
General subdivision Զինվորական հանցագործություններ
710 2# - ADDED ENTRY--CORPORATE NAME
Corporate name or jurisdiction name as entry element Գիտությունների ազգային ակադեմիա ՀՀ
710 2# - ADDED ENTRY--CORPORATE NAME
Corporate name or jurisdiction name as entry element Միջազգային գիտակրթական կենտրոն
942 ## - ADDED ENTRY ELEMENTS (KOHA)
Source of classification or shelving scheme Universal Decimal Classification
Koha item type Գրքեր / Books
Holdings
Withdrawn status Lost status Damaged status Not for loan Collection Home library Current library Date acquired Cost, normal purchase price Shelving control number Total checkouts Full call number Barcode Date last seen Price effective from Koha item type Public note Source of classification or shelving scheme
        General Fundamental Scientific Library Fundamental Scientific Library 29/12/2016 1500.00     AII/95922 FL0170806 29/12/2016 29/12/2016 Գրքեր / Books 30 Days Loan  
        General Fundamental Scientific Library Fundamental Scientific Library 29/12/2016 1500.00     AII/95923 FL0170805 29/12/2016 29/12/2016 Գրքեր / Books 30 Days Loan  
        General Fundamental Scientific Library Fundamental Scientific Library 29/12/2016 1500.00     AII/95990 FL0174588 29/12/2016 29/12/2016 Գրքեր / Books 30 Days Loan  
        General Fundamental Scientific Library Fundamental Scientific Library 29/12/2016 2500.00     AII/96290 FL0180271 29/12/2016 29/12/2016 Գրքեր / Books 30 Days Loan  
        General Fundamental Scientific Library Fundamental Scientific Library 22/01/2026       AII/114222 FL0701259 22/01/2026 22/01/2026 Գրքեր / Books Սպասարկվում է 30 օրով Universal Decimal Classification


ՀՀ ԳԱԱ հիմնարար գիտական գրադարան
ՀՀ,Երևան 0019
Մարշալ Բաղրամյան 24/6
հեռախոս:(374-10) 52-47-50
Հետադարձ կապ

All site content, except where otherwise noted, is licensed under a
Creative Commons License